Srimad Ramayana (Record no. 1434810)

MARC details
000 -LEADER
fixed length control field 00724nam a2200229 4500
005 - DATE AND TIME OF LATEST TRANSACTION
control field 20250820135300.0
008 - FIXED-LENGTH DATA ELEMENTS--GENERAL INFORMATION
fixed length control field 250820b |||||||| |||| 00| 0 eng d
037 ## - SOURCE OF ACQUISITION
Terms of availability TB
040 ## - CATALOGING SOURCE
Original cataloging agency CRL
Transcribing agency CRL
041 ## - LANGUAGE CODE
Source of code eng
Language code of text/sound track or separate title eng
Language code of original tel
084 ## - COLON CLASSIFICATION NUMBER
Classification number O15,1A1:g 35Q7
Assigning agency CRL
100 ## - MAIN ENTRY--PERSONAL NAME
Personal name Reddy, Kasireddy Venkatapathy
9 (RLIN) 818217
245 ## - TITLE STATEMENT
Title Srimad Ramayana
260 ## - PUBLICATION, DISTRIBUTION, ETC.
Place of publication, distribution, etc. Hyderabad, India:
Name of publisher, distributor, etc. Karsak Arts,
Date of publication, distribution, etc. 2017.
300 ## - PHYSICAL DESCRIPTION
Extent xxix, 603p.
365 ## - TRADE PRICE
Price amount 600.00
Currency code INR
650 ## - SUBJECT ADDED ENTRY--TOPICAL TERM
Topical term or geographic name entry element Ramayan
9 (RLIN) 479449
650 ## - SUBJECT ADDED ENTRY--TOPICAL TERM
Topical term or geographic name entry element Sanskrit Literature
650 ## - SUBJECT ADDED ENTRY--TOPICAL TERM
Topical term or geographic name entry element Sanskrit Poetry
942 ## - ADDED ENTRY ELEMENTS (KOHA)
Source of classification or shelving scheme Colon Classification (CC)
Koha item type Textbook
Classification part O15,1A1:g 35Q7
Suppress in OPAC No

No items available.

Copyright @ Delhi University Library System